Vliv mateřské školy na společenské přizpůsobení dítěte

Bibliographic Details
Main Author: Beranová, Květa (Author)
Format: Article
Language:Czech

MARC

LEADER 00000nab a2200000uu 4500
001 vtls011437691
003 SK-MaSNL
005 20260303145623.0
008 230222| xo |||||||||||||||||cze|
015 |a SNBRB 
035 |a (urnnbn)urn:nbn:sk:snk:ar-002l73 
035 |a (uuid)3439eae0-59a1-45b0-89ce-5d55f0a993ed 
035 |a urn:nbn:sk:snk-abccsi 
040 |a SNKBUCL  |b slo  |c SNKBUCL  |e AACR2 
041 0 |a cze 
044 |a xo  |c SK 
100 1 |a Beranová, Květa  |4 aut  |9 662777 
245 1 0 |a Vliv mateřské školy na společenské přizpůsobení dítěte  |c Květa Beranová 
773 0 |t Predškolská výchova : pedagogický časopis pre učiteľky materských škôl  |g Roč. 26, č. 4 (1971-1972), s. 99-101 
958 |a OND 
958 |a EUIPO 
958 |a article16 
999 |c 2004147  |d 2006077